000 00864nab a2200253 u 4500
001 21050
003 HDC
007 cr bn ---aaaaa
008 210307b2015mmddmy d||ne||||| 00| 0 may d
040 _aHDC
100 _aAinol Amriz Ismail
_98524
245 0 _aPembukaan kilang Kellogg's merancakkan industri makanan Asia Pasifik
_c/ Ainol Amriz Ismail
260 _aMalaysia:
_bMedia Mulia,
_c2015
300 _a1 online resource (page 18)
336 _atext
_2rdacontent
337 _acomputer
_2rdamedia
338 _aonline resource
_2rdacarrier
650 _aFood industry and trade
_9140
710 _aUtusan Malaysia
856 _zRequest full-text at [email protected]
942 _2lcc
942 _cNEWS
942 _kNWSC 002677
999 _c18366
_d18366